The CEO Factory: management lessons from hindustan unilever. (Record no. 12785)

MARC details
000 -LEADER
fixed length control field 00425nam a22001577a 4500
003 - CONTROL NUMBER IDENTIFIER
control field OSt
008 - FIXED-LENGTH DATA ELEMENTS--GENERAL INFORMATION
fixed length control field 240224b |||||||| |||| 00| 0 eng d
020 ## - INTERNATIONAL STANDARD BOOK NUMBER
International Standard Book Number 9789353451141
082 ## - DEWEY DECIMAL CLASSIFICATION NUMBER
Classification number 658
Item number SIC
100 ## - MAIN ENTRY--PERSONAL NAME
Personal name SITAPATI, Sudhir
245 ## - TITLE STATEMENT
Title The CEO Factory: management lessons from hindustan unilever.
260 ## - PUBLICATION, DISTRIBUTION, ETC. (IMPRINT)
Place of publication, distribution, etc New Delhi:
Name of publisher, distributor, etc Juggernaut Books,
Date of publication, distribution, etc 2019.
300 ## - PHYSICAL DESCRIPTION
Extent xxvi,243p.
650 ## - SUBJECT ADDED ENTRY--TOPICAL TERM
Topical term or geographic name as entry element General Books
942 ## - ADDED ENTRY ELEMENTS (KOHA)
Source of classification or shelving scheme Dewey Decimal Classification
Koha item type Reference Books
Holdings
Withdrawn status Lost status Source of classification or shelving scheme Damaged status Not for loan Collection code Home library Current library Date acquired Source of acquisition Currency Cost, normal purchase price Bill Number Total Checkouts Full call number Acc. no. / Barcode Checked out Date last seen Date last borrowed Actual Cost, discounted price Bill Date Koha item type
    Dewey Decimal Classification     GENERAL PIET C-LIBRARY PIET C-LIBRARY 18/06/2024 Zafaa Books and Distributors In rupees 399.00 ZBD0077 1 658 SIC 37698 28/01/2025 12/07/2024 12/07/2024 299.25 18/06/2024 Text Books

Design & Developed by: PIET Central Library
R70 Miles Stone Pattikalyana Samalkha Panipat 132102
mail ID :- [email protected], Phone No:- 0180-2569700 Ex.216